[Event "BUL-chT rapid 70th"]
[Site "Primorsko"]
[Date "2020.09.08"]
[Round "2.2"]
[White "Shukin, Emil"]
[Black "Spasov, Vasil"]
[Result "0-1"]
[WhiteElo "2231"]
[BlackElo "2495"]
[PlyCount "48"]
[EventDate "2020.09.08"]
[EventType "team-tourn (rapid)"]
[EventRounds "7"]
[EventCountry "BUL"]
[SourceTitle "CBM 198 Extra"]
[Source "ChessBase"]
[SourceDate "2020.11.30"]
[SourceVersion "1"]
[SourceVersionDate "2020.11.30"]
[SourceQuality "1"]
[WhiteTeam "Lovech"]
[BlackTeam "Pazardzhik"]
[WhiteTeamCountry "BUL"]
[BlackTeamCountry "BUL"]

1. c4 g6 2. Nf3 Bg7 3. g3 c5 4. d4 cxd4 5. Nxd4 Nc6 6. Nb3 a5 7. Na3 a4 8. Nd2 Nf6 9. Bg2 0-0 10. 0-0 d6 11. Rb1 Be6 12. b3 axb3 13. axb3 d5 14. Bb2 d4 15. Nf3 Ne4 16. Nb5 Nc3 17. Bxc3 dxc3 18. Qxd8 Raxd8 19. Rbc1 Na5 20. Nxc3 Nxb3 21. Rc2 Bxc4 22. Rb1 b5 23. Nxb5 Bxb5 24. Rxb3 Ba4 0-1

[Event "Pleven op 2nd"]
[Site "Pleven"]
[Date "2015.10.17"]
[Round "1"]
[White "Shukin, Emil"]
[Black "Georgiev, Nikolay Zh"]
[Result "1-0"]
[WhiteElo "2224"]
[BlackElo "1582"]
[PlyCount "67"]
[EventDate "2015.10.17"]
[EventType "swiss"]
[EventRounds "7"]
[EventCountry "BUL"]
[SourceTitle "CBM 168 Extra"]
[Source "ChessBase"]
[SourceDate "2015.10.29"]
[SourceVersion "1"]
[SourceVersionDate "2015.10.29"]
[SourceQuality "1"]

1. e4 e5 2. Nf3 Nc6 3. Bb5 Nf6 4. Nc3 Nd4 5. Ba4 Nxf3+ 6. Qxf3 c6 7. 0-0 b5 8. Bb3 a5 9. a4 b4 10. Ne2 Bc5 11. d4 Bd6 12. Qg3 Qe7 13. f4 Nh5 14. Qg4 Nf6 15. Qxg7 Rg8 16. Qxf7+ Qxf7 17. Bxf7+ Kxf7 18. fxe5 Be7 19. exf6 Bd8 20. Ng3 d5 21. e5 Bc7 22. Be3 c5 23. c3 Rg4 24. Rae1 Ra7 25. Nf5 Re4 26. Nh6+ Kf8 27. dxc5 Bxe5 28. c6 d4 29. Bxd4 Bxd4+ 30. cxd4 Rxd4 31. Rd1 Rxd1 32. Rxd1 Ke8 33. f7+ Ke7 34. Rd8 1-0

[Event "BUL-chT2 64th"]
[Site "Sunny Beach"]
[Date "2015.06.06"]
[Round "7.3"]
[White "Shukin, Emil"]
[Black "Petrov, Martin"]
[Result "1/2-1/2"]
[WhiteElo "2220"]
[BlackElo "2280"]
[PlyCount "26"]
[EventDate "2015.05.31"]
[EventType "team-swiss"]
[EventRounds "7"]
[EventCountry "BUL"]
[SourceTitle "CBM 166 Extra"]
[Source "ChessBase"]
[SourceDate "2015.06.18"]
[SourceVersion "1"]
[SourceVersionDate "2015.06.18"]
[SourceQuality "1"]
[WhiteTeam "Lovech"]
[BlackTeam "Burgas 64"]
[WhiteTeamCountry "BUL"]
[BlackTeamCountry "BUL"]

1. e4 c5 2. c4 e5 3. Nc3 Nc6 4. g3 g6 5. Bg2 Bg7 6. Nge2 Nge7 7. d3 d6 8. 0-0 0-0 9. Nd5 Nd4 10. Ndc3 Ndc6 11. Nd5 Nd4 12. Ndc3 Ndc6 13. Nd5 Nd4 1/2-1/2

[Event "BUL-chT2 64th"]
[Site "Sunny Beach"]
[Date "2015.06.01"]
[Round "2.3"]
[White "Ivanov, Bogidar"]
[Black "Shukin, Emil"]
[Result "1-0"]
[WhiteElo "2197"]
[BlackElo "2220"]
[PlyCount "71"]
[EventDate "2015.05.31"]
[EventType "team-swiss"]
[EventRounds "7"]
[EventCountry "BUL"]
[SourceTitle "CBM 166 Extra"]
[Source "ChessBase"]
[SourceDate "2015.06.18"]
[SourceVersion "1"]
[SourceVersionDate "2015.06.18"]
[SourceQuality "1"]
[WhiteTeam "Yambol Tundzha"]
[BlackTeam "Lovech"]
[WhiteTeamCountry "BUL"]
[BlackTeamCountry "BUL"]

1. e4 e6 2. d4 d5 3. Nd2 Nc6 4. Ngf3 Nf6 5. e5 Nd7 6. Nb3 f6 7. Bb5 fxe5 8. dxe5 Be7 9. Nbd4 Ndb8 10. c3 0-0 11. 0-0 Nxd4 12. Nxd4 c5 13. Nf3 b6 14. Re1 Bb7 15. Bd3 Nd7 16. Qc2 h6 17. Qe2 Qe8 18. Nd2 Qf7 19. Rf1 Qf4 20. Nf3 Qg4 21. h3 Qh5 22. Re1 Rad8 23. Bb1 Rfe8 24. Bf4 Nf8 25. Bg3 Rd7 26. Bc2 Red8 27. Rad1 Bc6 28. Bd3 Rc7 29. b3 Be8 30. Rd2 Bg6 31. Bxg6 Qxg6 32. Red1 Bg5 33. Rb2 Qf5 34. a4 Ng6 35. Qb5 Bf4 36. Re2 1-0

[Event "BUL-chT 61th"]
[Site "Albena"]
[Date "2011.06.08"]
[Round "7.4"]
[White "Shukin, Emil"]
[Black "Velikov, Petar"]
[Result "1/2-1/2"]
[WhiteElo "2236"]
[BlackElo "2414"]
[PlyCount "60"]
[EventDate "2011.06.02"]
[EventType "team-tourn"]
[EventRounds "7"]
[EventCountry "BUL"]
[SourceTitle "CBM 142 Extra"]
[Source "ChessBase"]
[SourceDate "2011.06.27"]
[SourceVersion "1"]
[SourceVersionDate "2011.06.27"]
[SourceQuality "1"]
[WhiteTeam "Pleven Spartak XXI"]
[BlackTeam "Sofia Lokomotiv"]
[WhiteTeamCountry "BUL"]
[BlackTeamCountry "BUL"]

1. Nf3 c5 2. c4 Nf6 3. Nc3 e6 4. d4 cxd4 5. Nxd4 a6 6. a3 Qc7 7. e4 d6 8. Be2 Nbd7 9. 0-0 b6 10. f4 Bb7 11. f5 e5 12. Ne6 fxe6 13. fxe6 Nc5 14. Nd5 Bxd5 15. exd5 Be7 16. b4 Nce4 17. Bd3 0-0 18. Qe2 b5 19. Bxe4 Qxc4 20. Qxc4 bxc4 21. Bg5 Rac8 22. Rac1 Bd8 23. Bxf6 Bb6+ 24. Kh1 Rxf6 25. Rxf6 gxf6 26. Bd3 c3 27. Bxa6 Ra8 28. Bb5 Kf8 29. Rxc3 Ke7 30. g4 h6 1/2-1/2

[Event "BUL-chT 61th"]
[Site "Albena"]
[Date "2011.06.04"]
[Round "3.3"]
[White "Milchev, Nikolay"]
[Black "Shukin, Emil"]
[Result "1-0"]
[WhiteElo "2371"]
[BlackElo "2236"]
[PlyCount "91"]
[EventDate "2011.06.02"]
[EventType "team-tourn"]
[EventRounds "7"]
[EventCountry "BUL"]
[SourceTitle "CBM 142 Extra"]
[Source "ChessBase"]
[SourceDate "2011.06.27"]
[SourceVersion "1"]
[SourceVersionDate "2011.06.27"]
[SourceQuality "1"]
[WhiteTeam "Maritsa Iztok Radnevo"]
[BlackTeam "Pleven Spartak XXI"]
[WhiteTeamCountry "BUL"]
[BlackTeamCountry "BUL"]

1. c4 e6 2. g3 d5 3. Bg2 Nf6 4. Nf3 dxc4 5. Qa4+ Nbd7 6. Qxc4 a6 7. Qb3 Rb8 8. a4 c5 9. Na3 b5 10. axb5 axb5 11. d3 Nd5 12. 0-0 Be7 13. Nc2 0-0 14. e4 N5f6 15. Bf4 Rb7 16. Ne5 Qb6 17. Ra8 Nxe5 18. Bxe5 Bd7 19. Rxf8+ Kxf8 20. Ne3 Bc6 21. g4 h6 22. Bg3 Rd7 23. Nc4 Qb7 24. Ne5 Rd4 25. h3 Kg8 26. Nxc6 Qxc6 27. Be5 Rd8 28. Re1 Nd7 29. Bg3 Nb6 30. Ra1 Na4 31. Qc2 Qd7 32. b3 Nb6 33. Ra6 Nc8 34. Bf1 Qb7 35. Qa2 Kh7 36. Ra8 Qd7 37. Qa6 Nd6 38. Rxd8 Qxd8 39. e5 Qc8 40. Qa5 Bd8 41. Qa7 Qb7 42. Qxc5 Nc8 43. d4 b4 44. Bg2 Qd7 45. Bc6 Qe7 46. Be4+ 1-0

[Event "BUL-chT 61th"]
[Site "Albena"]
[Date "2011.06.03"]
[Round "2.3"]
[White "Shukin, Emil"]
[Black "Arnaudov, Petar G"]
[Result "1/2-1/2"]
[WhiteElo "2236"]
[BlackElo "2449"]
[PlyCount "107"]
[EventDate "2011.06.02"]
[EventType "team-tourn"]
[EventRounds "7"]
[EventCountry "BUL"]
[SourceTitle "CBM 142 Extra"]
[Source "ChessBase"]
[SourceDate "2011.06.27"]
[SourceVersion "1"]
[SourceVersionDate "2011.06.27"]
[SourceQuality "1"]
[WhiteTeam "Pleven Spartak XXI"]
[BlackTeam "Plovdiv Lokomotiv 2000"]
[WhiteTeamCountry "BUL"]
[BlackTeamCountry "BUL"]

1. Nf3 Nf6 2. c4 e6 3. Nc3 c5 4. d4 cxd4 5. Nxd4 Bb4 6. Ndb5 Nc6 7. a3 Bxc3+ 8. Nxc3 d5 9. cxd5 exd5 10. Bg5 d4 11. Ne4 Qa5+ 12. b4 Qe5 13. Nxf6+ gxf6 14. Bh6 a5 15. b5 Qxb5 16. e4 Qc5 17. Qc1 Qxc1+ 18. Rxc1 Rg8 19. Bf4 Ke7 20. Bg3 Bd7 21. Bb5 Ne5 22. Rb1 Rad8 23. 0-0 Bc6 24. f3 h5 25. Kh1 Rd7 26. Rfd1 Bxb5 27. Rxb5 Nc4 28. Bf2 Rc8 29. Rxd4 Nxa3 30. Rxd7+ Kxd7 31. Rxb7+ Rc7 32. Rb3 Rc1+ 33. Bg1 Nc4 34. h4 Kc6 35. Kh2 Rc2 36. Bd4 a4 37. Rb8 a3 38. Bxf6 a2 39. Ra8 Ne3 40. Rc8+ Kd6 41. Rxc2 Nxc2 42. g4 Ke6 43. Bb2 hxg4 44. fxg4 a1Q 45. Bxa1 Nxa1 46. g5 Nb3 47. Kg3 Nc5 48. Kf4 Nd3+ 49. Ke3 Ne5 50. h5 Nd7 51. Kf4 Nc5 52. Ke3 Nd7 53. Kf4 Nf8 54. g6 1/2-1/2